Statistics for Guess the food by the Picture

Click here to take the quiz!

General Stats

  • This quiz has been taken 1,268 times
  • The average score is 11 of 15

Answer Stats

Answer% Correct
Pizza
96%
Strawberry
92%
Pasta
89%
Cake
87%
Burger
81%
Sausage
78%
Taco
78%
Pear
77%
Pancake
74%
Chocolate
68%
Lollipop
67%
Fish and Chips
65%
Oranges
51%
Bananas
45%
Spaghetti
22%

Score Distribution

Percentile by Number Answered

Percent of People with Each Score

Your Score History

You have not taken this quiz